<?xml version='1.0' encoding='UTF-8'?>
  <record xmlns="http://www.loc.gov/MARC21/slim">
    <leader>00000cam a2200000Mc 4500</leader>
    <controlfield tag="001">ocn258012972</controlfield>
    <controlfield tag="003">OCoLC</controlfield>
    <controlfield tag="005">20260109110443.4</controlfield>
    <controlfield tag="008">950515s1820    gw            000 0 ger d</controlfield>
    <datafield tag="040" ind1=" " ind2=" ">
      <subfield code="a">GBVCP</subfield>
      <subfield code="b">ger</subfield>
      <subfield code="e">rda</subfield>
      <subfield code="c">GBVCP</subfield>
      <subfield code="d">OCLCO</subfield>
      <subfield code="d">OCLCL</subfield>
      <subfield code="d">OCLCQ</subfield>
      <subfield code="d">OCLCA</subfield>
      <subfield code="d">OCLCQ</subfield>
    </datafield>
    <datafield tag="019" ind1=" " ind2=" ">
      <subfield code="a">61972367</subfield>
    </datafield>
    <datafield tag="026" ind1=" " ind2=" ">
      <subfield code="e">chit 8.7. r-n- zete 3 1820A [1]</subfield>
      <subfield code="2">fei</subfield>
    </datafield>
    <datafield tag="029" ind1="1" ind2=" ">
      <subfield code="a">NLGGC</subfield>
      <subfield code="b">097144401</subfield>
    </datafield>
    <datafield tag="035" ind1=" " ind2=" ">
      <subfield code="a">(OCoLC)258012972</subfield>
      <subfield code="z">(OCoLC)61972367</subfield>
    </datafield>
    <datafield tag="041" ind1=" " ind2=" ">
      <subfield code="a">ger</subfield>
      <subfield code="h">fre</subfield>
    </datafield>
    <datafield tag="084" ind1=" " ind2=" ">
      <subfield code="a">15.17</subfield>
      <subfield code="2">bkl</subfield>
    </datafield>
    <datafield tag="100" ind1="1" ind2=" ">
      <subfield code="a">Milin, Aubin Louis</subfield>
      <subfield code="d">1759-1818</subfield>
      <subfield code="4">aut</subfield>
    </datafield>
    <datafield tag="245" ind1="1" ind2="0">
      <subfield code="a">A. L. Millin's Mythologische Gallerie</subfield>
      <subfield code="b">Eine Sammlung von mehr als 750 antiken Denkmälern, Statuen, geschnittenen Steinen, Muenzen und Gemaelden, zur Erlaeuterung der Mythologie, der Symbolik und Kunstgeschichte der Alten; Sorgfältig übersetzt und mit den 190 Original-Kupferbl. der franz. Ausg. begleitet</subfield>
      <subfield code="n">[1]</subfield>
      <subfield code="p">[Text]</subfield>
      <subfield code="c">[Mit Vorrede und Anmerk. von E. H. Toelken].</subfield>
    </datafield>
    <datafield tag="246" ind1="3" ind2="0">
      <subfield code="a">Galerie</subfield>
    </datafield>
    <datafield tag="246" ind1="3" ind2="3">
      <subfield code="a">Mythologische Gallerie</subfield>
    </datafield>
    <datafield tag="264" ind1=" " ind2="1">
      <subfield code="a">Berlin</subfield>
      <subfield code="a">Stettin</subfield>
      <subfield code="b">Nicolai</subfield>
      <subfield code="c">1820</subfield>
    </datafield>
    <datafield tag="264" ind1=" " ind2="1">
      <subfield code="a">Berlin</subfield>
      <subfield code="b">Schade</subfield>
      <subfield code="c">1820</subfield>
    </datafield>
    <datafield tag="300" ind1=" " ind2=" ">
      <subfield code="a">VI, 418 S</subfield>
      <subfield code="c">8°</subfield>
    </datafield>
    <datafield tag="336" ind1=" " ind2=" ">
      <subfield code="a">Text</subfield>
      <subfield code="b">txt</subfield>
      <subfield code="2">rdacontent/ger</subfield>
    </datafield>
    <datafield tag="337" ind1=" " ind2=" ">
      <subfield code="a">ohne Hilfsmittel zu benutzen</subfield>
      <subfield code="b">n</subfield>
      <subfield code="2">rdamedia/ger</subfield>
    </datafield>
    <datafield tag="338" ind1=" " ind2=" ">
      <subfield code="a">Band</subfield>
      <subfield code="b">nc</subfield>
      <subfield code="2">rdacarrier/ger</subfield>
    </datafield>
    <datafield tag="500" ind1=" " ind2=" ">
      <subfield code="a">Fingerprint nach Ex. der HAAB Weimar.</subfield>
    </datafield>
    <datafield tag="500" ind1=" " ind2=" ">
      <subfield code="a">Vorlageform des Erscheinungsvermerks: Berlin und Stettin, 1820. In der Fr. Nicolaischen Buchhandlung. - Textende: Gedruckt bei A. W. Schade, in Berlin, Alte Grünstr. Nr. 18.</subfield>
    </datafield>
    <datafield tag="561" ind1=" " ind2=" ">
      <subfield code="5">IT-RM-1328</subfield>
      <subfield code="3">Exemplarsatz-ID: 1765966124, Signatur: CdG BD 844</subfield>
      <subfield code="a">Vorbesitz: Gerhard, Eduard ; http://d-nb.info/gnd/118717030 / Exemplar: Donator.</subfield>
    </datafield>
    <datafield tag="561" ind1=" " ind2=" ">
      <subfield code="5">IT-RM-1328</subfield>
      <subfield code="3">Exemplarsatz-ID: 1765966124, Signatur: CdG BD 844</subfield>
      <subfield code="a">Vorbesitz: Bibliothek der Deutschen Rom ; http://d-nb.info/gnd/1096200686 / Signatur: 844 / Zugangsnummer: 823 / Datierung: nach 1827-04.</subfield>
    </datafield>
    <datafield tag="561" ind1=" " ind2=" ">
      <subfield code="5">IT-RM-1328</subfield>
      <subfield code="3">Exemplarsatz-ID: 1765966124, Signatur: CdG BD 844</subfield>
      <subfield code="a">Ausleihe: Lucas, August ; http://d-nb.info/gnd/119213567 / Datierung: 1831-01-23 bis 1831-02-20.</subfield>
    </datafield>
    <datafield tag="561" ind1=" " ind2=" ">
      <subfield code="5">IT-RM-1328</subfield>
      <subfield code="3">Exemplarsatz-ID: 1765966124, Signatur: CdG BD 844</subfield>
      <subfield code="a">Ausleihe: Forchhammer, Peter Wilhelm ; http://d-nb.info/gnd/116661674 / Datierung: 1832-02-05 bis 1832-03-25.</subfield>
    </datafield>
    <datafield tag="561" ind1=" " ind2=" ">
      <subfield code="5">IT-RM-1328</subfield>
      <subfield code="3">Exemplarsatz-ID: 1765966124, Signatur: CdG BD 844</subfield>
      <subfield code="a">Ausleihe: Blakée / Datierung: 1831-12-19 bis 1832-01-16.</subfield>
    </datafield>
    <datafield tag="561" ind1=" " ind2=" ">
      <subfield code="5">IT-RM-1328</subfield>
      <subfield code="3">Exemplarsatz-ID: 1765966124, Signatur: CdG BD 844</subfield>
      <subfield code="a">Ausleihe: Bergmann / Datierung: 1831-03-07 bis 1831-07-02.</subfield>
    </datafield>
    <datafield tag="561" ind1=" " ind2=" ">
      <subfield code="5">IT-RM-1328</subfield>
      <subfield code="3">Exemplarsatz-ID: 1765966124, Signatur: CdG BD 844</subfield>
      <subfield code="a">Ausleihe: Usteri / Datierung: 1832-11-25 bis 1833-03-10.</subfield>
    </datafield>
    <datafield tag="561" ind1=" " ind2=" ">
      <subfield code="5">IT-RM-1328</subfield>
      <subfield code="3">Exemplarsatz-ID: 1765966124, Signatur: CdG BD 844</subfield>
      <subfield code="a">Ausleihe: Platner, Ernst Zacharias ; http://d-nb.info/gnd/103086609 / Datierung: 1833-06-09 bis 1833-08-25.</subfield>
    </datafield>
    <datafield tag="561" ind1=" " ind2=" ">
      <subfield code="5">IT-RM-1328</subfield>
      <subfield code="3">Exemplarsatz-ID: 1765966124, Signatur: CdG BD 844</subfield>
      <subfield code="a">Ausleihe: Platner, Ernst Zacharias ; http://d-nb.info/gnd/103086609 / Datierung: 1833-09-15 bis 1833-10-13.</subfield>
    </datafield>
    <datafield tag="561" ind1=" " ind2=" ">
      <subfield code="5">IT-RM-1328</subfield>
      <subfield code="3">Exemplarsatz-ID: 1765966124, Signatur: CdG BD 844</subfield>
      <subfield code="a">Ausleihe: Mücke, Heinrich ; http://d-nb.info/gnd/117147559 / Datierung: 1833-10-27 bis 1833-12-01.</subfield>
    </datafield>
    <datafield tag="561" ind1=" " ind2=" ">
      <subfield code="5">IT-RM-1328</subfield>
      <subfield code="3">Exemplarsatz-ID: 1765966124, Signatur: CdG BD 844</subfield>
      <subfield code="a">Ausleihe: Goltz / Datierung: 1834-03-16 bis 1834-03-23.</subfield>
    </datafield>
    <datafield tag="561" ind1=" " ind2=" ">
      <subfield code="5">IT-RM-1328</subfield>
      <subfield code="3">Exemplarsatz-ID: 1765966124, Signatur: CdG BD 844</subfield>
      <subfield code="a">Ausleihe: Heyse, Theodor ; http://d-nb.info/gnd/116796014 / Datierung: 1834-05-11 bis 1834-07-13.</subfield>
    </datafield>
    <datafield tag="561" ind1=" " ind2=" ">
      <subfield code="5">IT-RM-1328</subfield>
      <subfield code="3">Exemplarsatz-ID: 1765966124, Signatur: CdG BD 844</subfield>
      <subfield code="a">Ausleihe: Troschel, Julius ; http://d-nb.info/gnd/117423343 / Datierung: 1834-09-21 bis 1834-10-26.</subfield>
    </datafield>
    <datafield tag="561" ind1=" " ind2=" ">
      <subfield code="5">IT-RM-1328</subfield>
      <subfield code="3">Exemplarsatz-ID: 1765966124, Signatur: CdG BD 844</subfield>
      <subfield code="a">Ausleihe: Braun, Emil ; http://d-nb.info/gnd/116415738 / Datierung: 1834-11-16 bis 1834-12-28.</subfield>
    </datafield>
    <datafield tag="561" ind1=" " ind2=" ">
      <subfield code="5">IT-RM-1328</subfield>
      <subfield code="3">Exemplarsatz-ID: 1765966124, Signatur: CdG BD 844</subfield>
      <subfield code="a">Ausleihe: Henning, Adolf ; http://d-nb.info/gnd/116716290 / Datierung: 1835-01-25 bis 1835-02-22.</subfield>
    </datafield>
    <datafield tag="561" ind1=" " ind2=" ">
      <subfield code="5">IT-RM-1328</subfield>
      <subfield code="3">Exemplarsatz-ID: 1765966124, Signatur: CdG BD 844</subfield>
      <subfield code="a">Ausleihe: Troschel, Julius ; http://d-nb.info/gnd/117423343 / Datierung: 1835-07-12 bis 1834-07-19.</subfield>
    </datafield>
    <datafield tag="561" ind1=" " ind2=" ">
      <subfield code="5">IT-RM-1328</subfield>
      <subfield code="3">Exemplarsatz-ID: 1765966124, Signatur: CdG BD 844</subfield>
      <subfield code="a">Ausleihe: Sommerbrodt, Julius ; http://d-nb.info/gnd/117477370 / Datierung: 1836-06-22 bis 1836-06-29.</subfield>
    </datafield>
    <datafield tag="561" ind1=" " ind2=" ">
      <subfield code="5">IT-RM-1328</subfield>
      <subfield code="3">Exemplarsatz-ID: 1765966124, Signatur: CdG BD 844</subfield>
      <subfield code="a">Ausleihe: Taverna, Gaudenz ; http://d-nb.info/gnd/1072170620 / Datierung: 1837-09-03 bis 1837-09-17.</subfield>
    </datafield>
    <datafield tag="561" ind1=" " ind2=" ">
      <subfield code="5">IT-RM-1328</subfield>
      <subfield code="3">Exemplarsatz-ID: 1765966124, Signatur: CdG BD 844</subfield>
      <subfield code="a">Ausleihe: Taverna, Gaudenz ; http://d-nb.info/gnd/1072170620 / Datierung: 1837-11-26 bis 1837-12-03.</subfield>
    </datafield>
    <datafield tag="561" ind1=" " ind2=" ">
      <subfield code="5">IT-RM-1328</subfield>
      <subfield code="3">Exemplarsatz-ID: 1765966124, Signatur: CdG BD 844</subfield>
      <subfield code="a">Ausleihe: Troschel, Julius ; http://d-nb.info/gnd/117423343 / Datierung: 1838-09-09 bis 1838-10-21.</subfield>
    </datafield>
    <datafield tag="561" ind1=" " ind2=" ">
      <subfield code="5">IT-RM-1328</subfield>
      <subfield code="3">Exemplarsatz-ID: 1765966124, Signatur: CdG BD 844</subfield>
      <subfield code="a">Ausleihe: Troschel, Julius ; http://d-nb.info/gnd/117423343 / Datierung: 1839-04-28 bis 1839-06-09.</subfield>
    </datafield>
    <datafield tag="561" ind1=" " ind2=" ">
      <subfield code="5">IT-RM-1328</subfield>
      <subfield code="3">Exemplarsatz-ID: 1765966124, Signatur: CdG BD 844</subfield>
      <subfield code="a">Ausleihe: Troschel, Julius ; http://d-nb.info/gnd/117423343 / Datierung: 1839-06-23 bis 1839-09-15.</subfield>
    </datafield>
    <datafield tag="561" ind1=" " ind2=" ">
      <subfield code="5">DE-32</subfield>
      <subfield code="3">Exemplarsatz-ID: 1164420887, Signatur: 19 A 18689 (1)</subfield>
      <subfield code="a">Vorbesitz: Zisska, Schauer &amp; Co. KG ; http://d-nb.info/gnd/10166651-2 / Auktionsexemplar / Nummer.</subfield>
    </datafield>
    <datafield tag="561" ind1=" " ind2=" ">
      <subfield code="5">DE-32</subfield>
      <subfield code="3">Exemplarsatz-ID: 1164420887, Signatur: 19 A 18689 (1)</subfield>
      <subfield code="a">Vorbesitz: NN / Einband / Etikett / Signatur.</subfield>
    </datafield>
    <datafield tag="561" ind1=" " ind2=" ">
      <subfield code="5">DE-32</subfield>
      <subfield code="3">Exemplarsatz-ID: 1164420887, Signatur: 19 A 18689 (1)</subfield>
      <subfield code="a">Vorbesitz: NN / Signatur / Tektur.</subfield>
    </datafield>
    <datafield tag="655" ind1=" " ind2="7">
      <subfield code="a">Altertumskunde.</subfield>
      <subfield code="0">(DE-627)096630760</subfield>
      <subfield code="2">local</subfield>
    </datafield>
    <datafield tag="700" ind1="1" ind2=" ">
      <subfield code="a">Toelken, Ernst Heinrich</subfield>
      <subfield code="d">1785-1869</subfield>
      <subfield code="e">Hrsg.</subfield>
      <subfield code="4">edt</subfield>
    </datafield>
    <datafield tag="700" ind1="1" ind2=" ">
      <subfield code="a">Schade, August Wilhelm</subfield>
      <subfield code="d">1782-1865</subfield>
      <subfield code="4">prt</subfield>
    </datafield>
    <datafield tag="710" ind1="2" ind2=" ">
      <subfield code="a">Nicolaische Buchhandlung</subfield>
      <subfield code="4">prt</subfield>
    </datafield>
    <datafield tag="758" ind1=" " ind2=" ">
      <subfield code="a">A.L. Millin's Mythologische gallerie (Text)</subfield>
      <subfield code="1">https://id.oclc.org/worldcat/entity/E39PCFrjJHvDdFTgpvXPxW6ywK</subfield>
      <subfield code="4">https://id.oclc.org/worldcat/ontology/hasWork</subfield>
    </datafield>
    <datafield tag="773" ind1="1" ind2="8">
      <subfield code="w">(DE-627)136132006</subfield>
      <subfield code="g">[1]</subfield>
      <subfield code="q">1.1820</subfield>
      <subfield code="7">nnam</subfield>
    </datafield>
  </record>